Выступление в Организации Объединенных Наций, 7 декабря 1988 г.

Dettagli Bibliografici
Autore principale: Горбачев М. С. Михаил Сергеевич
Riassunto:Исключено из фонда НТБ ТПУ
Lingua:russo
Pubblicazione: Москва, Изд-во политической лит-ры, 1988
Natura: MixedMaterials Libro
KOHA link:https://koha.lib.tpu.ru/cgi-bin/koha/opac-detail.pl?biblionumber=248181

MARC

LEADER 00000nam0a2200000 4500
001 248181
005 20231101232350.0
010 |a 5250009972 
035 |a (RuTPU)RU\TPU\book\269887 
090 |a 248181 
100 |a 20140118d1988 k y0rusy50 ca 
101 0 |a rus 
102 |a RU 
105 |a y z 000zy 
200 1 |a Выступление в Организации Объединенных Наций, 7 декабря 1988 г.  |f М. С. Горбачев 
210 |a Москва  |c Изд-во политической лит-ры  |d 1988 
215 |a 32 с. 
333 |a Исключено из фонда НТБ ТПУ 
700 1 |a Горбачев  |b М. С.  |c генеральный секретарь ЦК КПСС  |c 1-й и последний президент СССР  |f 1931-  |g Михаил Сергеевич  |9 476 
801 1 |a RU  |b 63413507  |c 20140118 
801 2 |a RU  |b 63413507  |c 20220311  |g RCR 
942 |c BK